| 000 | 01105nam a22002777a 4500 | ||
|---|---|---|---|
| 999 |
_c112003 _d112003 |
||
| 003 | dpl | ||
| 005 | 20190213104447.0 | ||
| 008 | 190213b ||||| |||| 00| 0 eng d | ||
| 010 | _aB-102698 | ||
| 020 |
_c400.00 _a8181430069 |
||
| 035 | _aB-102698, B-102706 | ||
| 037 | _bCen Lib/Ret | ||
| 040 |
_aDPL _bHN _c0 |
||
| 082 |
_a820.8 _bचन्द्रब |
||
| 100 |
_aचन्द्रबली सिंह _945434 |
||
| 245 |
_aआलोचना का जनपक्ष / _cचन्द्रबली सिंह |
||
| 246 |
_aAlochna ka janpaksh / _bby Chandrabali Singh |
||
| 260 |
_aनयी दिल्ली _bवाणी प्रकाशन _c2003 |
||
| 270 |
_bनयी दिल्ली _a21-ए, दरयागंज _e110002 |
||
| 300 |
_a418पृ. _c21सेमी(सजिल्द ) |
||
| 650 |
_aहिंदी साहित्य _x _z _945435 |
||
| 650 |
_v _aहिंदी आलोचना _97 |
||
| 650 |
_aHindi litarature _945436 |
||
| 650 |
_aHindi criticism _942688 |
||
| 942 |
_2ddc _cHN _h820.8 _mचन्द्रब |
||